East Asia Countries - Statistics

General Stats
  • This quiz has been taken 1,554 times
  • The average score is 17 of 23
Answer Stats
Answer % Correct
China
96%
Japan
94%
North Korea
90%
South Korea
90%
Indonesia
86%
Thailand
86%
Vietnam
85%
Laos
82%
Cambodia
80%
Malaysia
80%
Mongolia
80%
Taiwan
79%
Philippines
78%
Singapore
77%
India
72%
Brunei
67%
Nepal
64%
East Timor
61%
Bhutan
58%
Bangladesh
57%
Sri Lanka
52%
Burma
49%
Maldives
38%
No matching quizzes found
Score Distribution
Percent of People with Each Score
Percentile by Number Answered
Your Score History
You have not taken this quiz